| 000 -LEADER |
| fixed length control field |
02494nam a2200301 a 4500 |
| 001 - CONTROL NUMBER |
| control field |
ASIN0816636656 |
| 003 - CONTROL NUMBER IDENTIFIER |
| control field |
OSt |
| 005 - DATE AND TIME OF LATEST TRANSACTION |
| control field |
20180116192431.0 |
| 008 - FIXED-LENGTH DATA ELEMENTS--GENERAL INFORMATION |
| fixed length control field |
151019s2000 xxu eng d |
| 020 ## - INTERNATIONAL STANDARD BOOK NUMBER |
| International Standard Book Number |
0816636656 (paperback) |
| Terms of availability |
$28.00 |
| 020 ## - INTERNATIONAL STANDARD BOOK NUMBER |
| International Standard Book Number |
9780816636655 (paperback) |
| 020 ## - INTERNATIONAL STANDARD BOOK NUMBER |
| International Standard Book Number |
0816636648 |
| 028 42 - PUBLISHER NUMBER |
| Publisher number |
Illustrations |
| Source |
Univ Of Minnesota Press |
| 040 ## - CATALOGING SOURCE |
| Transcribing agency |
0 |
| 050 04 - LIBRARY OF CONGRESS CALL NUMBER |
| Classification number |
NA2750 |
| 082 04 - DEWEY DECIMAL CLASSIFICATION NUMBER |
| Classification number |
721.01 |
| 100 1# - MAIN ENTRY--PERSONAL NAME |
| Personal name |
Piotrowski, Andrzej. |
| 9 (RLIN) |
8202 |
| 245 10 - TITLE STATEMENT |
| Title |
Discipline of architecture / |
| Statement of responsibility, etc. |
Andrzej Piotrowski, Julia Williams Robinson. |
| 250 ## - EDITION STATEMENT |
| Edition statement |
1st ed. |
| 260 ## - PUBLICATION, DISTRIBUTION, ETC. |
| Place of publication, distribution, etc. |
London: |
| Name of publisher, distributor, etc. |
Univ Of Minnesota Press, |
| Date of publication, distribution, etc. |
2000. |
| 300 ## - PHYSICAL DESCRIPTION |
| Extent |
344 p. ; |
| Dimensions |
23 cm. |
| 520 ## - SUMMARY, ETC. |
| Summary, etc. |
Architecture A polemical look at how architectural knowledge is produced, disseminated, and received. In the vast literature on architectural theory and practice, the ways in which architectural knowledge is actually taught, debated, and understood are too often ignored. The essays collected in this groundbreaking volume address the current state of architecture as an academic and professional discipline. The issues considered range from the form and content of architectural education to the architect's social and environmental obligations and the emergence of a new generation of architects. Often critical of the current paradigm, these essays offer a provocative challenge to accepted assumptions about the production, dissemination, and reception of architectural knowledge. Contributors: Sherry Ahrentzen, U of Wisconsin-Milwaukee; Stanford Anderson, MIT; Carol Burns, Harvard U; Russell Ellis, UC Berkeley; Thomas Fisher, U of Minnesota; Linda Groat, U of Michigan; Kay Bea Jones, Ohio State U; David Leatherbarrow, U of Pennsylvania; A. G. Krishna Menon, TVB School of Habitat Studies, India; Garth Rockcastle, U of Minnesota; Michael Stanton, American U, Beirut; Sharon E. Sutton, U of Washington; David J. T. Vanderburgh, Universit Catholique de Louvain, Belgium; and Donald Watson, Rensselaer Polytechnic Institute. Andrzej Piotrowski is associate professor of architecture and Julia Williams Robinson is professor of architecture, both at the University of Minnesota. Translation Inquiries: University of Minnesota Press. |
| 650 #0 - SUBJECT ADDED ENTRY--TOPICAL TERM |
| Topical term or geographic name entry element |
Architectural design--Philosophy |
| 9 (RLIN) |
8203 |
| 650 #0 - SUBJECT ADDED ENTRY--TOPICAL TERM |
| Topical term or geographic name entry element |
Architecture--Study and teaching |
| 9 (RLIN) |
8204 |
| 700 1# - ADDED ENTRY--PERSONAL NAME |
| Personal name |
Robinson, Julia Williams. |
| 9 (RLIN) |
8205 |
| 856 40 - ELECTRONIC LOCATION AND ACCESS |
| Materials specified |
Amazon.com |
| Uniform Resource Identifier |
<a href="http://www.amazon.com/exec/obidos/ASIN/0816636656/chopaconline-20">http://www.amazon.com/exec/obidos/ASIN/0816636656/chopaconline-20</a> |
| 942 ## - ADDED ENTRY ELEMENTS (KOHA) |
| Source of classification or shelving scheme |
|
| Koha item type |
Book |